| 000 | 00416nam a22001817a 4500 | ||
|---|---|---|---|
| 003 | MPLRDC | ||
| 005 | 20220104114335.0 | ||
| 008 | 210129b ||||| |||| 00| 0 eng d | ||
| 082 | _a857.623 ZY-7 v.4 | ||
| 100 | _a张宇 | ||
| 245 |
_a揭盅 _c |
||
| 250 | _a初版 | ||
| 260 |
_a _b精美出版社 _c1985 |
||
| 300 | _b平 | ||
| 490 | _a奇幻夜谭. 4 | ||
| 650 | _a灵异小说 | ||
| 942 |
_cBK _o857.623 ZY-7 v.4 |
||
| 999 |
_c6718 _d6708 |
||